Texting Acronyms - Statistics

General Stats
  • This quiz has been taken 92 times
  • The average score is 7 of 7
Answer Stats
Hint Answer % Correct
IDK I Don't Know
99%
IK I Know
99%
BRB Be Right Back
98%
ILY I Love You
96%
LOL Laugh Out Loud / Laughing Out Loud
95%
GTG Got To Go
89%
WYD What You Doing / What Are You Doing
86%
No matching quizzes found
Score Distribution
Percent of People with Each Score
Percentile by Number Answered
Your Score History
You have not taken this quiz